Los fundamentos del nuevo modelo de procedimiento administrativo santafesino aprobado por Decreto Acuerdo Nº 4.174/2015 (Registro nro. 24207)
[ vista simple ]
| 000 -LEADER | |
|---|---|
| fixed length control field | 00437 a2200109 4500 |
| 001 - CONTROL NUMBER | |
| control field | ART_41416 |
| 005 - DATE AND TIME OF LATEST TRANSACTION | |
| control field | 20260410161842.0 |
| 008 - FIXED-LENGTH DATA ELEMENTS--GENERAL INFORMATION | |
| fixed length control field | 260409a |
| 100 1# - MAIN ENTRY--PERSONAL NAME | |
| Personal name | Echen, Diego E. |
| 245 10 - TITLE STATEMENT | |
| Title | Los fundamentos del nuevo modelo de procedimiento administrativo santafesino aprobado por Decreto Acuerdo Nº 4.174/2015 |
| 773 0# - HOST ITEM ENTRY | |
| Title | RAP |
| Related parts | XI Jornadas Rosarinas de derecho administrativo - Año 39, Nº 462 (mar. 2017) |
| Record control number | REV5941 |
No hay ítems disponibles.